Zákon o sociálnom poistení
Úplne nový zákon - prvý pilier reformy nemocenského a dôchodkového poistenia - Zákon č. 461/2003 Z.z. o sociálnom poistení, ktorý prináša zásadné zmeny vo vykonávaní sociálneho poistenia s účinnosťou od 1.1. 2004.
Guardado en:
| Formato: | Capítulo de libro |
|---|---|
| Lenguaje: | eslovaco |
| Materias: | |
| Etiquetas: |
Sin Etiquetas, Sea el primero en etiquetar este registro!
|
MARC
| LEADER | 00000naa$a2200000$$$4500 | ||
|---|---|---|---|
| 001 | 0003731 | ||
| 005 | 20231003110050.3 | ||
| 041 | 0 | |a slo | |
| 044 | |a SK | ||
| 245 | 1 | 0 | |a Zákon o sociálnom poistení |
| 520 | |a Úplne nový zákon - prvý pilier reformy nemocenského a dôchodkového poistenia - Zákon č. 461/2003 Z.z. o sociálnom poistení, ktorý prináša zásadné zmeny vo vykonávaní sociálneho poistenia s účinnosťou od 1.1. 2004. | ||
| 610 | 2 | 0 | |a zákony |
| 610 | 2 | 0 | |a poistenie sociálne |
| 610 | 2 | 0 | |a Slovensko |
| 610 | 2 | 0 | |a komentáre |
| 610 | 2 | 0 | |a reformy sociálne |